000 00345nam a2200145Ia 4500
008 230312s9999||||xx |||||||||||||| ||und||
020 _a0-276-42042-X
082 _a720.19
_bBOY-T
100 _aBoyd; Lizzie
245 4 _aThe Practical Gardener
260 _bThe Reader
_aLondon
_c1991
300 _a176
650 _aArchitecture
942 _cBK
999 _c11700
_d11700